000 00976nam a2200241Ia 4500
001 1272
003 GE_BSU
008 181216s||||||||xx |||||||||||||| ||und||
020 _a9789941128790
040 _cGE_BSU
080 _a008.1(479.22;470.65)+001.83(479.22:470.65)
100 _aურუშაძე, ლევან ზ.
245 _aქართულ-ოსური კულტურული და სამეცნიერო ურთიერთობების ისტორიისათვის..
245 _b(მახარბეკ თუღანოვი და საქართველო)
245 _cალასანია, გიული
260 _aთბილისი
260 _bუნივერსალი
260 _c2009
300 _a61გვ,ილ.29სმ.
541 _h8 ლ.
653 _aქართულ-ოსური ურთიერთობის ისთორია
942 _cBK
999 _c35417
_d35417